| 000 | 00526nam a22001812 4500 | ||
|---|---|---|---|
| 001 | 0000009432 | ||
| 005 | 20151217160120.0 | ||
| 008 | 081027s xx 000 0 eng d | ||
| 020 |
_a0333078600 : _cKES 221.25 |
||
| 040 |
_aKABU _cKABU |
||
| 100 | 1 |
_aAusten, Jane. _@0000152223 |
|
| 245 | 1 | 0 |
_aPride and prejudice / _cJane Austen; retold by Joan Macintosh. |
| 260 |
_aOxford : _bMacmillan Education, _c1962. |
||
| 300 | _a168 p. | ||
| 908 | _a081027 | ||
| 950 | _@1 | ||
| 999 |
_c14477 _d14477 |
||